LEADER 01196nam--2200385---450- 001 990003442590203316 005 20100916124016.0 010 $a2-86847-598-1 035 $a000344259 035 $aUSA01000344259 035 $a(ALEPH)000344259USA01 035 $a000344259 100 $a20100916d2001----km-y0itay50------ba 101 $afre 102 $aFR 105 $a||||||||001yy 200 1 $aChanter les dieux$emusique et religion dans l'antiquité grecque et romaine$eactes du colloque des 16, 17 et 18 décembre 1999 (Rennes et Lorient)$fTextes réunis par Pierre Brulé et Christophe Vendries 210 $aRennes$cPresses Universitaires de Rennes$d2001 215 $a358 p.$cill.$d24 cm 225 2 $aCollection "Histoire" 410 0$12001$aCollection "Histoire" 454 1$12001 461 1$1001-------$12001 606 0 $aMusica$xAntichità$2BNCF 676 $a781 702 1$aBRULE',$bPierre 702 $aVENDRIES,$bChristophe 801 0$aIT$bsalbc$gISBD 912 $a990003442590203316 951 $aHR 531$b9346 DSA 959 $aBK 969 $aDSA 979 $aDSA$b10$c20100916$lUSA01$h1240 996 $aChanter les dieux$91108457 997 $aUNISA